<?xml version="1.0" encoding="UTF-8"?>
<marc:record xmlns:marc="http://www.loc.gov/MARC21/slim">
   <marc:leader>00000nam a2200000 a 4500</marc:leader>
   <marc:datafield ind1="1" ind2=" " tag="100">
      <marc:subfield code="a">Lacrosse, Marie</marc:subfield>
      <marc:subfield code="4">aut</marc:subfield>
      <marc:subfield code="e">Verfasser/-in</marc:subfield>
   </marc:datafield>
   <marc:datafield ind1="0" ind2="0" tag="245">
      <marc:subfield code="a">Tage des Schicksals</marc:subfield>
   </marc:datafield>
   <marc:datafield ind1="0" ind2="0" tag="245">
      <marc:subfield code="b">Roman</marc:subfield>
   </marc:datafield>
   <marc:datafield ind1=" " ind2="1" tag="264">
      <marc:subfield code="b">Goldmann</marc:subfield>
      <marc:subfield code="c">2019</marc:subfield>
   </marc:datafield>
   <marc:datafield ind1="1" ind2=" " tag="490">
      <marc:subfield code="a">Das Weingut</marc:subfield>
   </marc:datafield>
   <marc:datafield ind1="1" ind2=" " tag="520">
      <marc:subfield code="a">Schweighofen in der Pfalz, 1877. Das ehemalige Dienstmädchen Irene und ihr Mann, der Weinguterbe Franz Gerban, führen eine glückliche Ehe. Dennoch fühlt Irene sich fremd in seiner Welt der besseren Kreise. Als Franz häufig auf Reisen ist, leidet sie zunehmend unter der Einsamkeit und sucht sich eine Aufgabe. Sie beginnt, sich für die Rechte der Arbeiterfrauen einzusetzen - und trifft dabei ihren ehemaligen Geliebten, den Arbeiterführer Josef, wieder. Franz reagiert mit glühender Eifersucht, ihre Beziehung droht zu zerbrechen. Und dann erfährt Franz ein Geheimnis, das ihrer beider Leben vor eine große Herausforderung stellt à</marc:subfield>
   </marc:datafield>
   <marc:datafield ind1=" " ind2=" " tag="020">
      <marc:subfield code="a">9783442205905</marc:subfield>
      <marc:subfield code="9">9783442205905</marc:subfield>
   </marc:datafield>
</marc:record>
